| 000 | 00706nam a22002177a 4500 | ||
|---|---|---|---|
| 005 | 20251108173101.0 | ||
| 008 | 250721s1995 xx 000 0 ara d | ||
| 082 | 1 | 4 | _a575/مور |
| 100 | 1 |
_aموريس، ديزموند _eمؤلف |
|
| 245 | 1 | 0 | _aالقرد العاري : دراسة للتطور العضوي و الجنسي و الإجتماع للإنسان / |
| 246 | 1 | 1 | _athe naked ape |
| 250 | _aط.2. | ||
| 264 | 1 |
_aاللاذقية : _bدار الحوار للنشر و التوزيع، _c1995. |
|
| 300 | _a200ص. | ||
| 650 | 1 | 7 | _aالإنسان |
| 650 | 1 | 7 | _aالتطور |
| 700 | 1 |
_aأزرق، ميشيل _etran. |
|
| 700 | 1 | _aقجة، محمد | |
| 942 |
_2ddc _cBK |
||
| 999 |
_c95662 _d95662 |
||